| 000 | 00946nam a2200289Ia 4500 | ||
|---|---|---|---|
| 001 | 2902 | ||
| 003 | GE_BSU | ||
| 008 | 181216s||||||||xx |||||||||||||| ||und|| | ||
| 020 | _a5851730692 | ||
| 040 | _cGE_BSU | ||
| 080 | _a517(075.8)+330.1 | ||
| 100 | _aН.Ш. Кремер, И.М Тришин, М.Н Фридман;Н | ||
| 245 | _aВысшая математика для экономистов. | ||
| 245 | _bУчебное пособие для вузов | ||
| 245 | _cПод. ред. проф Н.Ш. Кремера | ||
| 260 | _aМосква | ||
| 260 | _bБанки и Биржи,Юнити | ||
| 260 | _c1997 | ||
| 300 | _a439 с. 20 см. | ||
| 541 | _h9 л. 70 т. | ||
| 653 | _aВысшая математика для экономистов. | ||
| 653 | _aМатематика | ||
| 653 | _aЭкономика | ||
| 653 | _aეკონომიკა | ||
| 653 | _aმათემატიკა | ||
| 942 | _cBK | ||
| 999 |
_c36951 _d36951 |
||